Ako ušetriť v samospráve

Pokračovanie článku z predchádzajúceho čísla o tom, ako ušetriť v samospráve. Skúsenosti a nápady z praxe samospráv na základe prieskumu medzi starostami a primátormi.

Guardado en:
Detalles Bibliográficos
Autor principal: Marianyi, Peter
Formato: Capítulo de libro
Lenguaje:eslovaco
Materias:
Etiquetas: Agregar Etiqueta
Sin Etiquetas, Sea el primero en etiquetar este registro!

MARC

LEADER 00000naa a2200000 4500
001 0155473
005 20241121124350.4
041 0 |a slo 
044 |a SK 
245 1 0 |a Ako ušetriť v samospráve  |c Peter Marianyi 
520 |a Pokračovanie článku z predchádzajúceho čísla o tom, ako ušetriť v samospráve. Skúsenosti a nápady z praxe samospráv na základe prieskumu medzi starostami a primátormi. 
610 2 0 |a samospráva regionálna 
610 2 0 |a financie komunálne 
610 2 0 |a rozpočet miestny 
610 2 0 |a znižovanie nákladov 
610 2 0 |a zastupiteľstvá obecné 
610 2 0 |a starostovia 
610 2 0 |a primátori 
100 1 |a Marianyi, Peter